000 00446nam a22001457a 4500
005 20251108164130.0
008 250721s1992 xx 000 0 ara d
082 1 4 _a041/أمل
245 1 0 _aالأمل الجديد :
_bمعلومات متنوعة مفيدة و ممتعة /
264 1 _aعمان :
_bدار محمد جادالحق،
_c1992.
300 _a79ص.
650 1 7 _aالمقالات العربية
942 _2ddc
_cBK
999 _c4442
_d4442